00558nam a2200157 i 450000100060000000300090000600500170001500700030003200800410003510000340007624501390011026000410024930000540029070000240034485200320036899771ES-MaACL20250823063056.0t|050915s1958 sp ||||1| eng d1 aFeduchi, Luis M., d1901-197510aVisitor's guide to Madrid and places of interest in its vicinity /c[supervision of Luis M. Feduchi; translated by John Angus Macnab]. aMadrid : bAfrodisio Aguado, c1958. a278 p., lám. 1-64 : b8 gráf. pleg ; c16 cm.1 aMacnab, John Angus. aES-MaACLjC-14750 bR.42571